Matahari janganlah marah
| Main Author: | |
|---|---|
| Format: | Book |
| Published: |
Shah Alam :
Grup Buku Karangkraf Sdn. Bhd. ,
2015
|
| Subjects: |
MARC
| LEADER | 00000cam a2200000 7i4500 | ||
|---|---|---|---|
| 001 | 0000202425 | ||
| 005 | 20160302.0 | ||
| 020 | |a 9789674462185 | ||
| 090 | 0 | 0 | |a JF |b WIL |
| 100 | 0 | |a Wildan Nour | |
| 245 | 1 | 0 | |a Matahari janganlah marah |c Wildan Nour |
| 260 | |a Shah Alam : |b Grup Buku Karangkraf Sdn. Bhd. , |c 2015 | ||
| 300 | |a 1 v. (unpaged) : |b ill. ; |c 23cm. | ||
| 650 | 0 | |a Children's stories | |
| 999 | |a 00318121 |b BUKU |c PINJAMAN |e PERPUSTAKAAN KOMUNITI PETALING JAYA | ||